000
00334nam a2200145Ia 4500
008
100122s9999 xx 000 0 und d
082
_b
34536
_a
823
100
_a
HOWARD CLARK
245
_a
THE KILLINGS
260
_b
PAN BOOKS LIMITED
_c
1905
300
_a
239
630
_a
THE KILLINGS
730
_a
THE KILLINGS
942
_c
BOOK
999
_c
370889
_d
370886